Комиссар Мегрэ: романы и повести; пер. с фр.

Dades bibliogràfiques
Autor principal: Сименон Ж. Жорж
Sumari:Исключено из фонда НТБ ТПУ
Idioma:rus
Publicat: Кемерово, Кемеровское кн. изд-во, 1990
Format: MixedMaterials Llibre
KOHA link:https://koha.lib.tpu.ru/cgi-bin/koha/opac-detail.pl?biblionumber=167400

MARC

LEADER 00000nam0a2200000 4500
001 167400
005 20231101222706.0
010 |a 5755001626 
035 |a (RuTPU)RU\TPU\book\181609 
090 |a 167400 
100 |a 20091015d1990 m y0rusy50 ca 
101 1 |a rus  |c fre 
102 |a RU 
105 |a a z 000zy 
200 1 |a Комиссар Мегрэ  |e романы и повести  |e пер. с фр.  |f Ж. Сименон 
210 |a Кемерово  |c Кемеровское кн. изд-во  |d 1990 
215 |a 687 с.  |c ил. 
333 |a Исключено из фонда НТБ ТПУ 
700 1 |a Сименон  |b Ж.  |c французский писатель  |f 1903-1989  |g Жорж  |9 4998 
801 1 |a RU  |b 63413507  |c 20091015 
801 2 |a RU  |b 63413507  |c 20220517  |g RCR 
942 |c BK